| 000 | 00560nam a2200193 a 4500 | ||
|---|---|---|---|
| 005 | 20220521063719.0 | ||
| 008 | 030317s1994 mx r 000 0 spa d | ||
| 020 | _a843390969X | ||
| 035 | _aUPN01000122998 | ||
| 049 | _aCG | ||
| 050 | 4 |
_aPQ6623 _bA6.5 C8 |
|
| 100 | 1 |
_aMartín Gaite, Carmen, _d1925-2000 _938814 |
|
| 245 | 1 | 0 |
_aCuentos completos y un monólogo / _cCarmen Martín Gaite |
| 260 |
_aBarcelona, Esp. : _bAnagrama, _c1994 |
||
| 300 | _a344 p. | ||
| 440 | 0 |
_aNarrativas hispánicas ; _v159 |
|
| 650 | 0 |
_aCuentos españoles _912796 |
|
| 905 | _aLibro | ||
| 999 |
_c95181 _d95181 |
||